Ambedkar's political philosophy : (Record no. 1430645)

MARC details
000 -LEADER
fixed length control field 00573nam a2200193Ia 4500
005 - DATE AND TIME OF LATEST TRANSACTION
control field 20250522104527.0
008 - FIXED-LENGTH DATA ELEMENTS--GENERAL INFORMATION
fixed length control field 008 250516s9999 xx 000 0 eng d
020 ## - INTERNATIONAL STANDARD BOOK NUMBER
International Standard Book Number 9780198925392
040 ## - CATALOGING SOURCE
Original cataloging agency SDCL
Language of cataloging eng
Transcribing agency SDCL
041 ## - LANGUAGE CODE
Language code of text/sound track or separate title eng
Source of code eng
084 ## - COLON CLASSIFICATION NUMBER
Classification number RxM91:g(W), R4
Assigning agency SDCL
100 ## - MAIN ENTRY--PERSONAL NAME
Personal name Rodrigues, Valerian
245 #0 - TITLE STATEMENT
Title Ambedkar's political philosophy :
Remainder of title A grammar of public life from the social margins
260 ## - PUBLICATION, DISTRIBUTION, ETC.
Place of publication, distribution, etc. New York:
Name of publisher, distributor, etc. Oxford University Press,
Date of publication, distribution, etc. 2024.
300 ## - PHYSICAL DESCRIPTION
Extent viii,409p.
365 ## - TRADE PRICE
Price type code INR
Price amount 1495
650 ## - SUBJECT ADDED ENTRY--TOPICAL TERM
Topical term or geographic name entry element Political Science
942 ## - ADDED ENTRY ELEMENTS (KOHA)
Koha item type Textual
Holdings
Withdrawn status Lost status Damaged status Not for loan Home library Current library Date acquired Source of acquisition Inventory number Total Checkouts Full call number Barcode Date last seen Price effective from Koha item type
        South Campus Library South Campus Library 2025-05-22 Excel Book International 133, 11/12/2024   RxM91:g(W), R4 SC1690722 2025-05-22 2025-05-22 Textual
Copyright @ Delhi University Library System